[Event "Mitropa Online Cup Women 2021"]
[Site "Hybrid"]
[Date "2021.05.04"]
[Round "4.1"]
[White "Karacsonyi, Kata"]
[Black "Sieber, Fiona"]
[Result "1-0"]
[WhiteElo "2138"]
[BlackElo "2275"]
[Annotator "NA"]
[PlyCount "71"]
[EventDate "2021.05.04"]
[EventType "team-tourn"]
[EventCountry "NET"]
[SourceTitle "playchess.com"]
[Source "ChessBase"]
[SourceQuality "1"]
[WhiteTeam "Hungary"]
[BlackTeam "Germany"]
[WhiteTeamCountry "HUN"]
[BlackTeamCountry "GER"]
[TimeControl "40/5400+30:1800+30"]

1. e4 {[%emt 0:00:00]} e5 {[%emt 0:01:15]} 2. Nf3 {[%emt 0:00:06]} Nc6 {[%emt 0:00:05]} 3. Bb5 {[%emt 0:00:07]} a6 {[%emt 0:00:09]} 4. Ba4 {[%emt 0:00:05]} Nf6 {[%emt 0:00:14]} 5. O-O {[%emt 0:00:06]} Be7 {[%emt 0:00:16]} 6. d3 {[%emt 0:00:08]} d6 {[%emt 0:00:26]} 7. c3 {[%emt 0:00:21]} O-O {[%emt 0:00:49]} 8. Nbd2 {[%emt 0:01:59]} b5 {[%emt 0:02:06]} 9. Bc2 {[%emt 0:00:09]} d5 {[%emt 0:01:22]} 10. d4 {[%emt 0:19:27]} exd4 {[%emt 0:08:20]} 11. Nxd4 {[%emt 0:18:39]} Nxd4 {[%emt 0:03:34]} 12. cxd4 {[%emt 0:00:19]} dxe4 {[%emt 0:00:26]} 13. Nxe4 {[%emt 0:00:31]} Bb7 {[%emt 0:08:00]} 14. f3 {[%emt 0:12:01]} Re8 {[%emt 0:13:22]} 15. Qd3 {[%emt 0:06:38]} g6 {[%emt 0:00:21]} 16. a4 {[%emt 0:13:14]} Nxe4 {[%emt 0:21:00]} 17. fxe4 {[%emt 0:00:29]} c5 {[%emt 0:12:17]} 18. d5 {[%emt 0:04:54]} c4 {[%emt 0:03:25]} 19. Qf3 {[%emt 0:03:18]} f6 {[%emt 0:03:31]} 20. axb5 {[%emt 0:02:08]} axb5 {[%emt 0:00:48]} 21. Rxa8 {[%emt 0:00:13]} Bxa8 {[%emt 0:00:10]} 22. Be3 {[%emt 0:03:20]} Bf8 {[%emt 0:08:49]} 23. Bd4 {[%emt 0:02:58]} Bg7 {[%emt 0:00:04]} 24. Bxf6 {[%emt 0:00:35]} Qb6+ {[%emt 0:00:05]} 25. Qf2 {[%emt 0:00:31]} Qxf2+ {[%emt 0:01:26]} 26. Rxf2 {[%emt 0:00:04]} Bxf6 {[%emt 0:04:01]} 27. Rxf6 {[%emt 0:00:04]} b4 {[%emt 0:01:27]} 28. b3 {[%emt 0:02:51]} c3 {[%emt 0:03:09]} 29. Rb6 {[%emt 0:00:17]} Bxd5 {[%emt 0:01:19]} 30. exd5 {[%emt 0:00:08]} Re2 {[%emt 0:00:19]} 31. Rb8+ {[%emt 0:08:20]} Kf7 {[%emt 0:00:28]} 32. d6 {[%emt 0:00:27]} Rd2 {[%emt 0:01:16]} 33. d7 {[%emt 0:00:18]} Rxd7 {[%emt 0:00:09]} 34. Rxb4 {[%emt 0:00:06]} Rd2 {[%emt 0:00:26]} 35. Rf4+ {[%emt 0:00:04]} Ke6 {[%emt 0:01:26]} 36. Rf2 {[%emt 0:00:00]} 1-0

[Event "Mitropa Online Cup Women 2021"]
[Site "Hybrid"]
[Date "2021.05.04"]
[Round "4.2"]
[White "Trippold, Denise"]
[Black "Sankova, Stella"]
[Result "0-1"]
[WhiteElo "2145"]
[BlackElo "2087"]
[Annotator "NA"]
[PlyCount "50"]
[EventDate "2021.05.04"]
[EventType "team-tourn"]
[EventCountry "NET"]
[SourceTitle "playchess.com"]
[Source "ChessBase"]
[SourceQuality "1"]
[WhiteTeam "Austria"]
[BlackTeam "Slovakia"]
[WhiteTeamCountry "AUT"]
[BlackTeamCountry "SVK"]
[TimeControl "40/5400+30:1800+30"]

1. Nf3 {[%emt 0:00:00]} d5 {[%emt 0:00:13]} 2. c4 {[%emt 0:00:20]} e6 {[%emt 0:00:13]} 3. g3 {[%emt 0:00:07]} dxc4 {[%emt 0:00:23]} 4. Qa4+ {[%emt 0:01:05]} Nd7 {[%emt 0:01:00]} 5. Qxc4 {[%emt 0:00:22]} a6 {[%emt 0:00:55]} 6. Qc2 {[%emt 0:02:41]} b5 {[%emt 0:01:41]} 7. Bg2 {[%emt 0:04:47]} Bb7 {[%emt 0:00:20]} 8. a4 {[%emt 0:01:47]} c5 {[%emt 0:03:19]} 9. Nc3 {[%emt 0:06:04]} Qb6 {[%emt 0:02:45]} 10. d3 {[%emt 0:03:42]} Ngf6 {[%emt 0:01:10]} 11. O-O {[%emt 0:00:13]} Be7 {[%emt 0:01:44]} 12. h3 {[%emt 0:06:44]} O-O {[%emt 0:01:08]} 13. b3 {[%emt 0:17:30]} Nd5 {[%emt 0:10:46]} 14. Nxd5 {[%emt 0:01:37]} Bxd5 {[%emt 0:00:05]} 15. Bb2 {[%emt 0:04:40]} Rab8 {[%emt 0:07:36]} 16. Nd2 {[%emt 0:22:22]} Rfc8 {[%emt 0:09:13]} 17. Rfb1 {[%emt 0:02:21]} Nf6 {[%emt 0:09:39]} 18. Qc3 {[%emt 0:01:47]} Bf8 {[%emt 0:01:45]} 19. Qe5 {[%emt 0:03:35]} h6 {[%emt 0:05:35]} 20. Rc1 {[%emt 0:10:52]} Bd6 {[%emt 0:04:07]} 21. Qc3 {[%emt 0:01:19]} c4 {[%emt 0:02:34]} 22. Ne4 {[%emt 0:05:07]} Bxe4 {[%emt 0:02:19]} 23. dxe4 {[%emt 0:00:02]} b4 {[%emt 0:01:23]} 24. a5 {[%emt 0:02:21]} bxc3 {[%emt 0:00:57]} 25. axb6 {[%emt 0:00:03]} cxb2 {[%emt 0:00:12]} 0-1

[Event "Mitropa Online Cup Women 2021"]
[Site "Hybrid"]
[Date "2021.05.04"]
[Round "4.2"]
[White "Taragelova, Martina"]
[Black "Hapala, Elisabeth"]
[Result "0-1"]
[WhiteElo "2010"]
[BlackElo "2120"]
[Annotator "NA"]
[PlyCount "124"]
[EventDate "2021.05.04"]
[EventType "team-tourn"]
[EventCountry "NET"]
[SourceTitle "playchess.com"]
[Source "ChessBase"]
[SourceQuality "1"]
[WhiteTeam "Slovakia"]
[BlackTeam "Austria"]
[WhiteTeamCountry "SVK"]
[BlackTeamCountry "AUT"]
[TimeControl "40/5400+30:1800+30"]

1. e4 {[%emt 0:00:00]} c5 {[%emt 0:00:05]} 2. Nf3 {[%emt 0:00:12]} e6 {[%emt 0:00:02]} 3. d4 {[%emt 0:00:21]} cxd4 {[%emt 0:00:03]} 4. Nxd4 {[%emt 0:00:16]} a6 {[%emt 0:00:08]} 5. c4 {[%emt 0:00:31]} Nf6 {[%emt 0:00:07]} 6. Nc3 {[%emt 0:00:43]} Qc7 {[%emt 0:00:06]} 7. Be2 {[%emt 0:01:53]} Bb4 {[%emt 0:00:35]} 8. O-O {[%emt 0:01:36]} O-O {[%emt 0:00:57]} 9. Qd3 {[%emt 0:03:27]} Bxc3 {[%emt 0:24:16]} 10. bxc3 {[%emt 0:01:37]} d6 {[%emt 0:00:27]} 11. f4 {[%emt 0:14:11]} Nbd7 {[%emt 0:02:08]} 12. Nb3 {[%emt 0:04:00]} b6 {[%emt 0:12:58]} 13. Ba3 {[%emt 0:11:19]} Nc5 {[%emt 0:01:43]} 14. Nxc5 {[%emt 0:02:17]} bxc5 {[%emt 0:00:39]} 15. Rfd1 {[%emt 0:04:23]} Qa5 {[%emt 0:15:39]} 16. Bc1 {[%emt 0:04:35]} Bb7 {[%emt 0:01:07]} 17. Bf3 {[%emt 0:01:50]} Rfd8 {[%emt 0:02:24]} 18. Be3 {[%emt 0:01:55]} Rd7 {[%emt 0:06:29]} 19. Rd2 {[%emt 0:07:02]} Rad8 {[%emt 0:00:22]} 20. Rad1 {[%emt 0:01:49]} Qa4 {[%emt 0:06:14]} 21. Bf2 {[%emt 0:06:29]} a5 {[%emt 0:11:37]} 22. Qe2 {[%emt 0:02:30]} Ba6 {[%emt 0:01:44]} 23. e5 {[%emt 0:04:00]} Bxc4 {[%emt 0:01:16]} 24. Qe3 {[%emt 0:01:22]} dxe5 {[%emt 0:02:05]} 25. fxe5 {[%emt 0:01:36]} Rxd2 {[%emt 0:03:08]} 26. Rxd2 {[%emt 0:00:11]} Rxd2 {[%emt 0:00:31]} 27. Qxd2 {[%emt 0:00:10]} Nd5 {[%emt 0:00:10]} 28. Qb2 {[%emt 0:05:23]} h6 {[%emt 0:02:55]} 29. a3 {[%emt 0:12:08]} Bb5 {[%emt 0:00:34]} 30. h3 {[%emt 0:02:39]} Qc4 {[%emt 0:00:21]} 31. Bxd5 {[%emt 0:01:29]} exd5 {[%emt 0:00:15]} 32. Qd2 {[%emt 0:01:11]} a4 {[%emt 0:02:39]} 33. Qe3 {[%emt 0:00:56]} Qf1+ {[%emt 0:00:48]} 34. Kh2 {[%emt 0:00:12]} d4 {[%emt 0:01:45]} 35. cxd4 {[%emt 0:01:12]} Bc6 {[%emt 0:00:05]} 36. Qg3 {[%emt 0:00:44]} c4 {[%emt 0:00:09]} 37. Be1 {[%emt 0:01:46]} Bxg2 {[%emt 0:01:27]} 38. Qxg2 {[%emt 0:00:07]} Qxe1 {[%emt 0:00:04]} 39. Qg4 {[%emt 0:00:56]} Qf2+ {[%emt 0:00:23]} 40. Kh1 {[%emt 0:00:00]} Qf1+ {[%emt 0:00:00]} 41. Kh2 {[%emt 0:00:49]} g6 {[%emt 0:18:54]} 42. Qe4 {[%emt 0:10:18]} Qd3 {[%emt 0:00:37]} 43. Qh4 {[%emt 0:02:12]} c3 {[%emt 0:04:49]} 44. Qd8+ {[%emt 0:00:37]} Kh7 {[%emt 0:00:07]} 45. Qc7 {[%emt 0:00:37]} Qd2+ {[%emt 0:01:10]} 46. Kg3 {[%emt 0:05:38]} Qe3+ {[%emt 0:02:12]} 47. Kg2 {[%emt 0:00:37]} Qe4+ {[%emt 0:03:13]} 48. Kh2 {[%emt 0:02:31]} Qf4+ {[%emt 0:02:42]} 49. Kg2 {[%emt 0:01:52]} Qg5+ {[%emt 0:00:07]} 50. Kh2 {[%emt 0:02:13]} Qd2+ {[%emt 0:00:13]} 51. Kg3 {[%emt 0:00:12]} Kg7 {[%emt 0:01:49]} 52. e6 {[%emt 0:01:22]} Qe3+ {[%emt 0:00:07]} 53. Kg2 {[%emt 0:00:37]} Qe2+ {[%emt 0:00:09]} 54. Kg1 {[%emt 0:00:26]} Qxe6 {[%emt 0:00:32]} 55. Qxc3 {[%emt 0:00:44]} Qb3 {[%emt 0:00:06]} 56. Qc5 {[%emt 0:00:51]} Qg3+ {[%emt 0:00:12]} 57. Kf1 {[%emt 0:00:14]} Qxh3+ {[%emt 0:00:03]} 58. Ke1 {[%emt 0:00:36]} Qe3+ {[%emt 0:00:11]} 59. Kf1 {[%emt 0:01:05]} h5 {[%emt 0:00:44]} 60. Qd6 {[%emt 0:02:21]} h4 {[%emt 0:01:18]} 61. d5 {[%emt 0:00:50]} Qf3+ {[%emt 0:00:16]} 62. Kg1 {[%emt 0:00:17]} Qg3+ {[%emt 0:00:18]} 0-1

[Event "Mitropa Online Cup Women 2021"]
[Site "Hybrid"]
[Date "2021.05.04"]
[Round "4.3"]
[White "Worek, Joanna"]
[Black "Thomas, Anysia"]
[Result "0-1"]
[WhiteElo "2322"]
[BlackElo "2164"]
[Annotator "NA"]
[PlyCount "112"]
[EventDate "2021.05.04"]
[EventType "team-tourn"]
[EventCountry "NET"]
[SourceTitle "playchess.com"]
[Source "ChessBase"]
[SourceQuality "1"]
[WhiteTeam "Czech Republic"]
[BlackTeam "France"]
[WhiteTeamCountry "CZE"]
[BlackTeamCountry "FRA"]
[TimeControl "40/5400+30:1800+30"]

1. d4 {[%emt 0:00:00]} Nf6 {[%emt 0:00:17]} 2. c4 {[%emt 0:00:08]} g6 {[%emt 0:00:18]} 3. Nc3 {[%emt 0:00:07]} d5 {[%emt 0:00:13]} 4. cxd5 {[%emt 0:00:05]} Nxd5 {[%emt 0:00:13]} 5. e4 {[%emt 0:00:07]} Nxc3 {[%emt 0:00:10]} 6. bxc3 {[%emt 0:00:09]} Bg7 {[%emt 0:00:11]} 7. Be3 {[%emt 0:00:06]} c5 {[%emt 0:00:33]} 8. Nf3 {[%emt 0:00:08]} Nc6 {[%emt 0:01:44]} 9. Rc1 {[%emt 0:00:51]} Qa5 {[%emt 0:00:46]} 10. d5 {[%emt 0:00:52]} Ne5 {[%emt 0:12:03]} 11. Nxe5 {[%emt 0:00:09]} Bxe5 {[%emt 0:00:09]} 12. Qd2 {[%emt 0:00:06]} Bg7 {[%emt 0:03:30]} 13. Be2 {[%emt 0:07:18]} Bd7 {[%emt 0:07:18]} 14. O-O {[%emt 0:15:16]} O-O {[%emt 0:08:44]} 15. f4 {[%emt 0:05:44]} e6 {[%emt 0:20:22]} 16. Bf3 {[%emt 0:15:13]} exd5 {[%emt 0:05:04]} 17. exd5 {[%emt 0:01:05]} Rfe8 {[%emt 0:07:06]} 18. Bf2 {[%emt 0:01:19]} Bb5 {[%emt 0:07:22]} 19. Rfd1 {[%emt 0:00:46]} Ba4 {[%emt 0:00:36]} 20. Re1 {[%emt 0:00:37]} Rxe1+ {[%emt 0:01:09]} 21. Bxe1 {[%emt 0:01:50]} c4 {[%emt 0:05:43]} 22. Bf2 {[%emt 0:03:21]} Rd8 {[%emt 0:01:18]} 23. Bd4 {[%emt 0:05:11]} Bh6 {[%emt 0:07:14]} 24. Re1 {[%emt 0:04:32]} Qc7 {[%emt 0:02:53]} 25. g3 {[%emt 0:01:13]} Bf8 {[%emt 0:02:00]} 26. Kg2 {[%emt 0:03:19]} b6 {[%emt 0:01:23]} 27. h4 {[%emt 0:02:28]} Re8 {[%emt 0:02:05]} 28. Rh1 {[%emt 0:04:50]} h5 {[%emt 0:01:07]} 29. f5 {[%emt 0:03:46]} Qd6 {[%emt 0:01:37]} 30. Qg5 {[%emt 0:03:26]} Kh7 {[%emt 0:00:56]} 31. Qf4 {[%emt 0:08:41]} Qxf4 {[%emt 0:00:22]} 32. gxf4 {[%emt 0:00:05]} Bd6 {[%emt 0:00:21]} 33. fxg6+ {[%emt 0:03:40]} fxg6 {[%emt 0:00:06]} 34. f5 {[%emt 0:00:42]} gxf5 {[%emt 0:00:20]} 35. Bxh5 {[%emt 0:00:03]} Rg8+ {[%emt 0:00:11]} 36. Kf2 {[%emt 0:00:16]} Bc2 {[%emt 0:01:01]} 37. Bf3 {[%emt 0:00:19]} Bd3 {[%emt 0:00:53]} 38. Rh3 {[%emt 0:05:57]} Bb1 {[%emt 0:00:47]} 39. Be2 {[%emt 0:00:16]} Bxa2 {[%emt 0:00:22]} 40. Re3 {[%emt 0:00:00]} Bb1 {[%emt 0:00:00]} 41. Bxc4 {[%emt 0:10:02]} Be4 {[%emt 0:04:53]} 42. Kf1 {[%emt 0:04:33]} Rg4 {[%emt 0:04:12]} 43. Bd3 {[%emt 0:02:04]} Rxh4 {[%emt 0:03:13]} 44. Bxe4 {[%emt 0:01:11]} fxe4 {[%emt 0:00:44]} 45. c4 {[%emt 0:02:12]} Kg6 {[%emt 0:02:23]} 46. Rb3 {[%emt 0:00:18]} Kf5 {[%emt 0:05:33]} 47. Bf2 {[%emt 0:06:09]} Rh1+ {[%emt 0:03:36]} 48. Ke2 {[%emt 0:00:17]} Rc1 {[%emt 0:01:33]} 49. Rh3 {[%emt 0:00:05]} Rc2+ {[%emt 0:00:35]} 50. Kf1 {[%emt 0:00:23]} Rxc4 {[%emt 0:00:40]} 51. Rh7 {[%emt 0:00:30]} Rc1+ {[%emt 0:01:55]} 52. Ke2 {[%emt 0:00:04]} Rc2+ {[%emt 0:00:10]} 53. Kf1 {[%emt 0:00:22]} Bc5 {[%emt 0:03:17]} 54. Bg3 {[%emt 0:01:45]} e3 {[%emt 0:02:04]} 55. Be1 {[%emt 0:02:29]} e2+ {[%emt 0:01:00]} 56. Kg2 {[%emt 0:00:02]} Rc1 {[%emt 0:00:50]} 0-1

[Event "Mitropa Online Cup Women 2021"]
[Site "Hybrid"]
[Date "2021.05.04"]
[Round "4.3"]
[White "Olsarova, Karolina"]
[Black "Guichard, Pauline"]
[Result "1/2-1/2"]
[WhiteElo "2290"]
[BlackElo "2415"]
[Annotator "NA"]
[PlyCount "89"]
[EventDate "2021.05.04"]
[EventType "team-tourn"]
[EventCountry "NET"]
[SourceTitle "playchess.com"]
[Source "ChessBase"]
[SourceQuality "1"]
[WhiteTeam "Czech Republic"]
[BlackTeam "France"]
[WhiteTeamCountry "CZE"]
[BlackTeamCountry "FRA"]
[TimeControl "40/5400+30:1800+30"]

1. e4 {[%emt 0:00:00]} e5 {[%emt 0:00:13]} 2. Nf3 {[%emt 0:00:08]} Nc6 {[%emt 0:00:11]} 3. Bb5 {[%emt 0:00:07]} g6 {[%emt 0:00:08]} 4. c3 {[%emt 0:01:56]} Bg7 {[%emt 0:01:22]} 5. d4 {[%emt 0:01:53]} exd4 {[%emt 0:00:27]} 6. cxd4 {[%emt 0:00:12]} a6 {[%emt 0:00:17]} 7. Ba4 {[%emt 0:01:07]} b5 {[%emt 0:00:13]} 8. Bb3 {[%emt 0:00:34]} d6 {[%emt 0:02:45]} 9. O-O {[%emt 0:01:00]} Bg4 {[%emt 0:01:15]} 10. Be3 {[%emt 0:00:19]} Na5 {[%emt 0:01:07]} 11. Nc3 {[%emt 0:00:48]} Nxb3 {[%emt 0:10:31]} 12. axb3 {[%emt 0:00:09]} Ne7 {[%emt 0:00:49]} 13. h3 {[%emt 0:00:22]} Bxf3 {[%emt 0:06:04]} 14. Qxf3 {[%emt 0:00:08]} O-O {[%emt 0:00:09]} 15. Rfd1 {[%emt 0:01:23]} c6 {[%emt 0:04:33]} 16. b4 {[%emt 0:07:45]} a5 {[%emt 0:05:03]} 17. bxa5 {[%emt 0:05:23]} b4 {[%emt 0:02:56]} 18. Nb1 {[%emt 0:06:27]} Rxa5 {[%emt 0:01:05]} 19. Nd2 {[%emt 0:00:34]} d5 {[%emt 0:08:35]} 20. e5 {[%emt 0:27:50]} f6 {[%emt 0:02:18]} 21. exf6 {[%emt 0:05:16]} Bxf6 {[%emt 0:00:50]} 22. Bh6 {[%emt 0:10:06]} Rxa1 {[%emt 0:08:03]} 23. Rxa1 {[%emt 0:00:49]} Rf7 {[%emt 0:00:18]} 24. Qd3 {[%emt 0:01:29]} Nf5 {[%emt 0:04:35]} 25. Be3 {[%emt 0:00:40]} Re7 {[%emt 0:00:54]} 26. Nf3 {[%emt 0:10:05]} Qb8 {[%emt 0:13:04]} 27. Qa6 {[%emt 0:04:51]} Qe8 {[%emt 0:06:38]} 28. Qb6 {[%emt 0:06:12]} Nxe3 {[%emt 0:11:31]} 29. fxe3 {[%emt 0:00:05]} Rxe3 {[%emt 0:00:06]} 30. Qxb4 {[%emt 0:00:19]} Kg7 {[%emt 0:06:55]} 31. Ra7+ {[%emt 0:03:32]} Re7 {[%emt 0:00:12]} 32. Rxe7+ {[%emt 0:01:34]} Bxe7 {[%emt 0:00:09]} 33. Qb7 {[%emt 0:00:30]} Kh8 {[%emt 0:02:18]} 34. Ne5 {[%emt 0:00:58]} c5 {[%emt 0:00:06]} 35. Qxd5 {[%emt 0:01:26]} cxd4 {[%emt 0:00:09]} 36. Qe6 {[%emt 0:00:49]} Qf8 {[%emt 0:01:23]} 37. Qd5 {[%emt 0:00:58]} Qc8 {[%emt 0:00:40]} 38. Nd3 {[%emt 0:00:37]} Bf6 {[%emt 0:00:07]} 39. Qd6 {[%emt 0:00:23]} Kg7 {[%emt 0:00:22]} 40. Qd5 {[%emt 0:00:00]} Qc2 {[%emt 0:00:00]} 41. Qb7+ {[%emt 0:02:38]} Kh6 {[%emt 0:02:05]} 42. Qf3 {[%emt 0:00:48]} Kg7 {[%emt 0:00:24]} 43. Qb7+ {[%emt 0:01:01]} Kh6 {[%emt 0:00:23]} 44. Qf3 {[%emt 0:01:55]} Kg7 {[%emt 0:00:34]} 45. Qb7+ {[%emt 0:01:39]} 1/2-1/2

[Event "Mitropa Online Cup Women 2021"]
[Site "Hybrid"]
[Date "2021.05.04"]
[Round "4.3"]
[White "Navrotescu, Andreea-Cristiana"]
[Black "Petrova, Kristyna"]
[Result "1-0"]
[WhiteElo "2247"]
[BlackElo "2303"]
[Annotator "NA"]
[PlyCount "137"]
[EventDate "2021.05.04"]
[EventType "team-tourn"]
[EventCountry "NET"]
[SourceTitle "playchess.com"]
[Source "ChessBase"]
[SourceQuality "1"]
[WhiteTeam "France"]
[BlackTeam "Czech Republic"]
[WhiteTeamCountry "FRA"]
[BlackTeamCountry "CZE"]
[TimeControl "40/5400+30:1800+30"]

1. d4 {[%emt 0:00:00]} Nf6 {[%emt 0:01:55]} 2. c4 {[%emt 0:00:07]} e6 {[%emt 0:00:09]} 3. Nc3 {[%emt 0:00:12]} Bb4 {[%emt 0:00:11]} 4. e3 {[%emt 0:00:43]} c5 {[%emt 0:00:27]} 5. a3 {[%emt 0:01:40]} Bxc3+ {[%emt 0:05:35]} 6. bxc3 {[%emt 0:00:13]} O-O {[%emt 0:00:50]} 7. Bd3 {[%emt 0:00:43]} d6 {[%emt 0:05:13]} 8. e4 {[%emt 0:07:42]} Nc6 {[%emt 0:03:01]} 9. Ne2 {[%emt 0:01:18]} e5 {[%emt 0:06:57]} 10. d5 {[%emt 0:00:55]} Ne7 {[%emt 0:07:09]} 11. Bg5 {[%emt 0:17:22]} Nh5 {[%emt 0:09:18]} 12. Rg1 {[%emt 0:23:08]} f6 {[%emt 0:27:58]} 13. Be3 {[%emt 0:01:27]} f5 {[%emt 0:04:23]} 14. exf5 {[%emt 0:21:00]} Bxf5 {[%emt 0:00:12]} 15. g4 {[%emt 0:00:53]} Bxd3 {[%emt 0:01:01]} 16. gxh5 {[%emt 0:04:05]} Bxe2 {[%emt 0:07:46]} 17. Qxe2 {[%emt 0:00:21]} Nf5 {[%emt 0:00:04]} 18. Qg4 {[%emt 0:03:31]} Qh4 {[%emt 0:04:49]} 19. Qxh4 {[%emt 0:01:20]} Nxh4 {[%emt 0:00:07]} 20. Ke2 {[%emt 0:00:39]} Rf5 {[%emt 0:01:41]} 21. Rg5 {[%emt 0:02:30]} Raf8 {[%emt 0:01:34]} 22. Rb1 {[%emt 0:04:27]} b6 {[%emt 0:00:16]} 23. Rbg1 {[%emt 0:01:43]} R8f7 {[%emt 0:04:03]} 24. Rxf5 {[%emt 0:03:28]} Rxf5 {[%emt 0:00:17]} 25. Rg5 {[%emt 0:01:34]} Rf7 {[%emt 0:05:33]} 26. Rg4 {[%emt 0:00:31]} Nf5 {[%emt 0:00:03]} 27. Bd2 {[%emt 0:00:27]} Kf8 {[%emt 0:00:33]} 28. Kd3 {[%emt 0:00:34]} Ke7 {[%emt 0:02:01]} 29. Ke4 {[%emt 0:00:23]} Kd7 {[%emt 0:00:37]} 30. f4 {[%emt 0:01:07]} Nh6 {[%emt 0:00:17]} 31. Rg5 {[%emt 0:00:28]} exf4 {[%emt 0:00:03]} 32. Bxf4 {[%emt 0:00:10]} Ng8 {[%emt 0:00:10]} 33. Rf5 {[%emt 0:00:31]} Nf6+ {[%emt 0:01:25]} 34. Kd3 {[%emt 0:00:45]} g6 {[%emt 0:00:43]} 35. hxg6 {[%emt 0:00:04]} hxg6 {[%emt 0:00:02]} 36. Rg5 {[%emt 0:00:06]} Nh5 {[%emt 0:00:05]} 37. Be3 {[%emt 0:01:13]} Rf6 {[%emt 0:00:36]} 38. Rg2 {[%emt 0:00:51]} Ng7 {[%emt 0:00:47]} 39. Ke4 {[%emt 0:00:31]} Nf5 {[%emt 0:00:20]} 40. Bg5 {[%emt 0:00:00]} Rf7 {[%emt 0:00:00]} 41. a4 {[%emt 0:03:58]} Rh7 {[%emt 0:10:04]} 42. Bf6 {[%emt 0:04:40]} Ne7 {[%emt 0:08:30]} 43. Bxe7 {[%emt 0:05:20]} Kxe7 {[%emt 0:01:34]} 44. Rxg6 {[%emt 0:00:07]} Rxh2 {[%emt 0:00:08]} 45. Rg7+ {[%emt 0:00:07]} Kf6 {[%emt 0:09:56]} 46. Rxa7 {[%emt 0:00:12]} Rh3 {[%emt 0:01:01]} 47. Rd7 {[%emt 0:02:00]} Rxc3 {[%emt 0:00:16]} 48. Rxd6+ {[%emt 0:00:20]} Ke7 {[%emt 0:00:08]} 49. Rxb6 {[%emt 0:00:27]} Rxc4+ {[%emt 0:00:09]} 50. Ke5 {[%emt 0:00:06]} Rxa4 {[%emt 0:00:25]} 51. Rb7+ {[%emt 0:04:00]} Kd8 {[%emt 0:00:18]} 52. Ke6 {[%emt 0:00:40]} Kc8 {[%emt 0:03:41]} 53. Rh7 {[%emt 0:00:27]} Re4+ {[%emt 0:01:20]} 54. Kd6 {[%emt 0:00:16]} c4 {[%emt 0:00:10]} 55. Rc7+ {[%emt 0:04:13]} Kd8 {[%emt 0:01:01]} 56. Ra7 {[%emt 0:00:03]} Kc8 {[%emt 0:00:03]} 57. Kc6 {[%emt 0:01:28]} Kb8 {[%emt 0:00:08]} 58. Ra4 {[%emt 0:01:20]} Rh4 {[%emt 0:01:19]} 59. d6 {[%emt 0:01:09]} Rh6 {[%emt 0:00:26]} 60. Rxc4 {[%emt 0:00:18]} Kc8 {[%emt 0:00:14]} 61. Rg4 {[%emt 0:00:42]} Kb8 {[%emt 0:00:15]} 62. Rg8+ {[%emt 0:01:05]} Ka7 {[%emt 0:00:03]} 63. Kc7 {[%emt 0:01:02]} Rh1 {[%emt 0:00:16]} 64. d7 {[%emt 0:00:20]} Rc1+ {[%emt 0:00:03]} 65. Kd6 {[%emt 0:00:07]} Rd1+ {[%emt 0:00:02]} 66. Ke6 {[%emt 0:00:16]} Re1+ {[%emt 0:00:01]} 67. Kf5 {[%emt 0:00:04]} Rf1+ {[%emt 0:00:03]} 68. Ke4 {[%emt 0:00:06]} Re1+ {[%emt 0:00:02]} 69. Kf3 {[%emt 0:00:05]} 1-0

[Event "Mitropa Online Cup Women 2021"]
[Site "Hybrid"]
[Date "2021.05.04"]
[Round "4.3"]
[White "Afraoui, Anaelle"]
[Black "Kanakova, Natalie"]
[Result "0-1"]
[WhiteElo "2106"]
[BlackElo "2179"]
[Annotator "NA"]
[PlyCount "64"]
[EventDate "2021.05.04"]
[EventType "team-tourn"]
[EventCountry "NET"]
[SourceTitle "playchess.com"]
[Source "ChessBase"]
[SourceQuality "1"]
[WhiteTeam "France"]
[BlackTeam "Czech Republic"]
[WhiteTeamCountry "FRA"]
[BlackTeamCountry "CZE"]
[TimeControl "40/5400+30:1800+30"]

1. e4 {[%emt 0:00:00]} c5 {[%emt 0:00:07]} 2. Nf3 {[%emt 0:00:41]} a6 {[%emt 0:00:12]} 3. c3 {[%emt 0:01:58]} d5 {[%emt 0:00:18]} 4. e5 {[%emt 0:02:26]} d4 {[%emt 0:09:43]} 5. cxd4 {[%emt 0:08:16]} cxd4 {[%emt 0:00:08]} 6. Bc4 {[%emt 0:08:34]} e6 {[%emt 0:02:36]} 7. O-O {[%emt 0:01:18]} Nc6 {[%emt 0:02:42]} 8. d3 {[%emt 0:02:58]} Nge7 {[%emt 0:05:52]} 9. Bg5 {[%emt 0:02:20]} h6 {[%emt 0:01:57]} 10. Bh4 {[%emt 0:01:46]} Qa5 {[%emt 0:07:56]} 11. Qe2 {[%emt 0:02:49]} Nf5 {[%emt 0:02:21]} 12. Bg3 {[%emt 0:01:31]} Be7 {[%emt 0:02:11]} 13. Nbd2 {[%emt 0:01:48]} O-O {[%emt 0:02:26]} 14. a3 {[%emt 0:00:43]} b5 {[%emt 0:02:32]} 15. b4 {[%emt 0:01:39]} Qb6 {[%emt 0:01:04]} 16. Bb3 {[%emt 0:01:30]} Bb7 {[%emt 0:04:29]} 17. Rfc1 {[%emt 0:05:25]} a5 {[%emt 0:09:32]} 18. bxa5 {[%emt 0:02:36]} Rxa5 {[%emt 0:02:54]} 19. a4 {[%emt 0:03:30]} Qa7 {[%emt 0:01:40]} 20. Qd1 {[%emt 0:14:50]} Ra8 {[%emt 0:01:33]} 21. Rab1 {[%emt 0:03:13]} bxa4 {[%emt 0:10:49]} 22. Bc4 {[%emt 0:01:38]} Ba3 {[%emt 0:01:46]} 23. Ne4 {[%emt 0:08:39]} Bxc1 {[%emt 0:01:41]} 24. Qxc1 {[%emt 0:00:12]} Nxg3 {[%emt 0:05:11]} 25. fxg3 {[%emt 0:02:10]} Nxe5 {[%emt 0:01:37]} 26. Nxe5 {[%emt 0:01:03]} Rxe5 {[%emt 0:00:12]} 27. Nd6 {[%emt 0:00:44]} Bc6 {[%emt 0:05:25]} 28. Qf4 {[%emt 0:03:55]} Re2 {[%emt 0:00:53]} 29. Rb7 {[%emt 0:06:22]} Qxb7 {[%emt 0:05:20]} 30. Nxb7 {[%emt 0:01:03]} Bxb7 {[%emt 0:00:13]} 31. Qc7 {[%emt 0:01:24]} Rxg2+ {[%emt 0:00:20]} 32. Kf1 {[%emt 0:00:48]} Rb2 {[%emt 0:00:06]} 0-1